000 00402nam a22001691a 4500
020 _a9788185616735
082 _a294.592 12
_bSID/R
100 _aSidha Nath Shukla
245 _aRgveda mandala III/
_cby Sidha Nath Shukla
260 _aNew Delhi:
_bSharada,
_c2001.
300 _a199p.
650 _aRgveda
650 _aVedic Literature
650 _aHinduism
650 _aReligion
942 _cBK
999 _c38309
_d38309